Words and phrase : judicially defined

Bibliographic Details
Format: Book
Published: Kuala Lumpur : MLJ , 1990
Series:Malayan Law Journal
Subjects:

MARC

LEADER 00000cam a2200000 7i4500
001 0000001020
002 000001129
005 20000330.0
020 |a 9971700735 
090 0 0 |a 340.3   |b WOR 
245 0 0 |a Words and phrase :   |b judicially defined 
260 |a Kuala Lumpur :   |b MLJ ,   |c 1990 
300 |a 618p ;   |c 28cm. 
490 0 |a Malayan Law Journal 
650 0 0 |a Law   |x Dictionaries 
999 |a 030220   |b BUKU   |c MALAYSIANA   |e PERPUSTAKAAN KOMUNITI PETALING JAYA